| 000 | 00330nam a22001217a 4500 | ||
|---|---|---|---|
| 999 |
_c6046 _d6046 |
||
| 245 |
_aGhana Investment Promotion Centre Act, 2013 (Act 865) _cby Republic of Ghana |
||
| 246 | _aAct 865 | ||
| 260 |
_aAccra _bAssembly Press |
||
| 300 | _a25p. | ||
| 440 | _aActs of Parliament | ||
| 650 | _aGhana Investment promotion Act | ||
| 942 | _cREF | ||